banner-ar

من روائع الآدب العالمى للناشئين - موحول - فارس من اسكتلندا - البحيرة الزرقاء - قصص قصيرة من الأدب العالمى (هديه من الآديب عبدالفتاح الجمل) / (Record no. 42690)

MARC details
000 -الفاتح
حقل البيانات ثابتة الطول 00814nam a2200205Ia 4500
008 - عناصر البيانات ثابتة الطول - معلومات عامة
حقل البيانات ثابتة الطول 140319s9999 xx 000 0 ara d
040 ## - مصدر الفهرسة
وكالة الفهرسة الأصلية GCL /
وكالة النسخ GCL
082 04 - رقم تصنيف ديوى العشرى
رقم التصنيف 808.83
رقم المادة س م
100 1# - المدخل الرئيسى - إسم شخصى
الإسم الشخصى ستاكبول، هـ دى فير
245 10 - بيان العنوان
العنوان من روائع الآدب العالمى للناشئين - موحول - فارس من اسكتلندا - البحيرة الزرقاء - قصص قصيرة من الأدب العالمى (هديه من الآديب عبدالفتاح الجمل) /
بيان المسئوليه,etc ستاكبول، هـ دى فير
700 1# - المدخل الاضافى - اسم شخصى
الإسم الشخصى اليوت , جون
300 ## - الوصف المادى
التعداد 6 أجزاء
490 ## - بيان السلسلة
عنوان السلسلة كتاب
رقم المجلد/ التعيين التسلسلي 0
650 04 - المدخل الاضافى بالموضوع-مصطلح موضوعى
مصطلح موضوعي الادب
650 04 - المدخل الاضافى بالموضوع-مصطلح موضوعى
مصطلح موضوعي الادب العالمى
650 04 - المدخل الاضافى بالموضوع-مصطلح موضوعى
مصطلح موضوعي الادب العالمى المترجم
650 04 - المدخل الاضافى بالموضوع-مصطلح موضوعى
مصطلح موضوعي اليوت , جون
942 ## - عناصر المدخل الإضافي( كوها)
مصدر التصنيف او مخطط الترفيف Dewey Decimal Classification
Koha [default] item type كتاب
Holdings
حالة التراجع حالة الفقد حالة تلف ليس للاعارة المكان المؤقت الموقع الحالى تاريخ الاكتساب اجمالي اﻻعارات رقم الطلب الباركود تاريخ اخر مشاهدة تاريخ تفعيل السعر نوع وعاء كوها
        مكتبة القاهرة الكبرى مكتبة القاهرة الكبرى 03/26/2014   808.83\س م 103156 03/26/2014 03/26/2014 كتاب
        مكتبة القاهرة الكبرى مكتبة القاهرة الكبرى 03/26/2014   808.83\س م 103157 03/26/2014 03/26/2014 كتاب
        مكتبة القاهرة الكبرى مكتبة القاهرة الكبرى 03/26/2014   808.83\س م 103158 03/26/2014 03/26/2014 كتاب
        مكتبة القاهرة الكبرى مكتبة القاهرة الكبرى 03/26/2014   808.83\س م 103159 03/26/2014 03/26/2014 كتاب
        مكتبة القاهرة الكبرى مكتبة القاهرة الكبرى 03/26/2014   808.83\س م 103160 03/26/2014 03/26/2014 كتاب
        مكتبة القاهرة الكبرى مكتبة القاهرة الكبرى 03/26/2014   808.83\س م 103161 03/26/2014 03/26/2014 كتاب

Powered By

EGPV